Best Fantasy Premier League players 2018/19 Quiz Stats

 Plays Quiz not verified by Sporcle

Score 0/50 Timer 06:00
12 Plays Today
Team (Position) Player % Correct
Liverpool (MID)Mohamed Salah
99.5%
Chelsea (MID)Eden Hazard
98.5%
Liverpool (MID)Sadio Mané
97.9%
Man City (FWD)Sergio Aguero
97.4%
Liverpool (DEF)Virgil van Dijk
96.5%
Liverpool (DEF)Andrew Robertson
95.3%
Man City (MID)Raheem Sterling
95%
Liverpool (DEF)Trent Alexander-Arnold
95%
Arsenal (FWD)Pierre-Emerick Aubameyang
94.4%
Tottenham (FWD)Harry Kane
94%
Man Utd (MID)Paul Pogba
92.4%
Man City (MID)Bernardo SIlva
91.5%
Arsenal (FWD)Alexandre Lacazette
91.2%
Man City (MID)David Silva
91%
Man City (GKP)Ederson
90.1%
Leicester (FWD)Jamie Vardy
90%
Liverpool (GKP)Alisson Becker
89.8%
Liverpool (FWD)Roberto Firmino
89.1%
Tottenham (MID)Son Heung-min
86.7%
Man City (DEF)Aymeric Laporte
86.5%
Tottenham (MID)Christian Eriksen
85.8%
Chelsea (DEF)David Luiz
84.2%
Bournemouth (FWD)Callum Wilson
81.6%
Crystal Palace (FWD)Wilfried Zaha
81%
Man City (MID)Leroy Sané
80.3%
Team (Position) Player % Correct
Everton (GKP)Jordan Pickford
80%
Tottenham (GKP)Hugo Lloris
79.5%
Everton (MID)Gylfi Sigurdsson
79.1%
Man City (DEF)Kyle Walker
78.5%
Bournemouth (MID)Ryan Fraser
77.6%
Chelsea (DEF)Marcos Alonso
77.3%
Chelsea (DEF)Cesar Azpilicueta
76.6%
Wolves (FWD)Raul Jimenez
75.1%
Chelsea (GKP)Kepa Arrizabalaga
74.1%
Newcastle (FWD)Salomon Rondon
68.8%
Bournemouth (FWD)Joshua King
66.9%
Wolves (MID)Diogo Jota
66.2%
Everton (DEF)Lucas Digne
66%
Everton (MID)Richarlison
64.5%
West Ham (MID)Felipe Anderson
62.6%
Newcastle (FWD)Ayoze Perez
62.6%
West Ham (GKP)Lukasz Fabianski
59.2%
Cardiff (GKP)Neil Etheridge
57.1%
Leicester (MID)James Maddison
53%
Wolves (DEF)Matt Doherty
52.2%
Crystal Palace (MID)Luka Milivojevic
51.1%
Leicester (DEF)Ricardo Pereira
45.8%
Crystal Palace (MID)Andros Townsend
44.5%
Southampton (MID)Nathan Redmond
40%
Crystal Palace (DEF)Patrick van Aanholt
31.9%

You're not logged in!

Compare scores with friends on all Sporcle quizzes.
OR
Log In

Show Comments

Extras

Top Quizzes Today


Score Distribution

Your Account Isn't Verified!

In order to create a playlist on Sporcle, you need to verify the email address you used during registration. Go to your Sporcle Settings to finish the process.

Report this User

Report this user for behavior that violates our Community Guidelines.

Details: